Oligopoly limit pricing strategic substitutes, strategic complements

Gespeichert in:
Bibliographische Detailangaben
1. Verfasser: Martin, Stephen
Format: Buch
Sprache:Englisch
Veröffentlicht: San Domenico (FI) European University Institute 1994
Schriftenreihe:EUI Working paper ECO No. 94/15
Schlagworte:
Tags: Tag hinzufügen
Keine Tags, Fügen Sie das erste Tag hinzu!

MARC

LEADER 00000nam a2200000 4500
001 c142988
005 20221123112617.4
041 0 |a eng 
044 |a IT 
245 1 0 |a Oligopoly limit pricing  |b strategic substitutes, strategic complements  |c Stephen Martin 
264 1 |a San Domenico (FI)  |b European University Institute  |c 1994 
300 |a 79 s. 
490 1 |a EUI Working paper ECO  |v No. 94/15 
830 0 |a EUI Working paper ECO  |v No. 94/15 
610 2 0 |a oligopoly 
610 2 0 |a oceňovanie 
610 2 0 |a substitúcia 
610 2 0 |a pool zlatý 
610 2 0 |a modely 
610 2 0 |a modelovanie ekonometrické 
100 1 |a Martin, Stephen